000 00547nam a22001817a 4500
005 20180726165006.0
010 _aENG-123640
020 _a9788192225432
_c200.00
035 _aEN-107172
037 _bDBAD/PUB
082 _a881.92
100 _aThakore, Anand
245 _aMughal sequence /
_cby Anand Thakore
260 _aMumbai
_bPoetrywala
_c2012
270 _a1701/1702, 6A - Whispering Palms, Lokhandwala Township, Kandivali (East),
_bMumbai
_e400101
300 _a71p.
_c22cm. (pbk)
942 _2ddc
_cEN
_h881.92
_mTHA
999 _c154901
_d154901